Project management in practice / (Record no. 16116)

MARC details
000 -LEADER
fixed length control field 00979cam a22002894a 4500
001 - CONTROL NUMBER
control field 15127579
005 - DATE AND TIME OF LATEST TRANSACTION
control field 20141028141211.0
006 - FIXED-LENGTH DATA ELEMENTS--ADDITIONAL MATERIAL CHARACTERISTICS--GENERAL INFORMATION
fixed length control field m||||f ||z| 00| 0
008 - FIXED-LENGTH DATA ELEMENTS--GENERAL INFORMATION
fixed length control field 080104t2011 xxua frb 001 0 eng d
010 ## - LIBRARY OF CONGRESS CONTROL NUMBER
LC control number 2008270102
020 ## - INTERNATIONAL STANDARD BOOK NUMBER
International Standard Book Number 0470646209
020 ## - INTERNATIONAL STANDARD BOOK NUMBER
International Standard Book Number 9780470646205
040 ## - CATALOGING SOURCE
Original cataloging agency DLC
Transcribing agency DLC
Modifying agency DLC
-- EG-ScBUE
082 00 - DEWEY DECIMAL CLASSIFICATION NUMBER
Edition number 22
Classification number 658.404
Item number PRO
245 00 - TITLE STATEMENT
Title Project management in practice /
Statement of responsibility, etc Samuel J. Mantel ... [et al.]
250 ## - EDITION STATEMENT
Edition statement 4th ed. ,
Remainder of edition statement International student version.
260 ## - PUBLICATION, DISTRIBUTION, ETC. (IMPRINT)
Place of publication, distribution, etc Hoboken, United States :
Name of publisher, distributor, etc John Wiley & Sons, INC.,
Date of publication, distribution, etc c.2011.
300 ## - PHYSICAL DESCRIPTION
Extent xvii, 312 p. :
Other physical details ill. (col.) ;
Dimensions 26 cm. +
Accompanying material CD-ROM.
500 ## - GENERAL NOTE
General note Includes indexes.
500 ## - GENERAL NOTE
General note Includes textbook trialware.
504 ## - BIBLIOGRAPHY, ETC. NOTE
Bibliography, etc Includes bibliographical references.
650 #0 - SUBJECT ADDED ENTRY--TOPICAL TERM
Topical term or geographic name as entry element Project management
9 (RLIN) 11664
653 ## - INDEX TERM--UNCONTROLLED
Arrived date list October2011
-- February2013
-- December2013
-- October2014
655 ## - INDEX TERM--GENRE/FORM
Form subdivision
-- 33728
700 1# - ADDED ENTRY--PERSONAL NAME
Personal name Mantel, Samuel J.
9 (RLIN) 11906
942 ## - ADDED ENTRY ELEMENTS (KOHA)
Source of classification or shelving scheme Dewey Decimal Classification
Item type Book - Borrowing
Call number prefix 658.404 PRO
Holdings
Withdrawn status Item status Source of classification or shelving scheme Damaged status Not for loan Vendor Home library Current library Shelving location Date acquired Source of acquisition Total Checkouts Full call number Barcode Date last seen Date last borrowed Koha item type Materials specified (bound volume or other part) Total Renewals Checked out Cost, normal purchase price Cost, replacement price
    Dewey Decimal Classification     Baccah Central Library Central Library First floor 10/10/2011   8 658.404 PRO 000025240 15/07/2025 29/04/2013 NB - Book (Non borrowing)          
  Lost Dewey Decimal Classification     Baccah Central Library Central Library First floor 10/10/2011   22 658.404 PRO 000025239 31/07/2019 02/01/2018 Book - Borrowing Lost In Inventory_24-8-2022 92      
    Dewey Decimal Classification     Baccah Central Library Central Library First floor 19/03/2012   13 658.404 PRO 000026476 21/08/2017 21/08/2017 Book - Borrowing   64 23/12/2023    
  Lost Dewey Decimal Classification     Baccah Central Library Central Library First floor 19/03/2012     658.404 PRO 000026477 19/03/2012   CD | DVD - With book Lost In Inventory_2015-8-23        
  Lost Dewey Decimal Classification     Baccah Central Library Central Library First floor 19/03/2012   3 658.404 PRO 000026478 28/02/2013 14/02/2013 Book - Borrowing Lost In Inventory_2015-8-23 7      
  Lost Dewey Decimal Classification     Baccah Central Library Central Library First floor 19/03/2012     658.404 PRO 000026479 19/03/2012   CD | DVD - With book Lost In Inventory_2015-8-23        
    Dewey Decimal Classification     Baccah Central Library Central Library First floor 14/02/2013   14 658.404 PRO 000028252 15/07/2025 30/09/2018 Book - Borrowing   91      
    Dewey Decimal Classification     Baccah Central Library Central Library First floor 17/12/2013   5 658.404 PRO 000035213 15/07/2025 23/02/2021 Book - Borrowing   9      
    Dewey Decimal Classification     Baccah Central Library Central Library First floor 17/12/2013   4 658.404 PRO 000035214 15/07/2025 09/09/2015 Book - Borrowing   15      
    Dewey Decimal Classification     Baccah Central Library Central Library First floor 17/12/2013   7 658.404 PRO 000035215 21/08/2017 21/08/2017 Book - Borrowing   102 23/12/2023 280.00 350.00
    Dewey Decimal Classification     Baccah Central Library Central Library First floor 28/10/2014   10 658.404 PRO 000036846 15/07/2025 14/11/2017 Book - Borrowing   82   280.00 350.00
    Dewey Decimal Classification     Baccah Central Library Central Library First floor 28/10/2014   3 658.404 PRO 000036847 15/07/2025 08/09/2015 Book - Borrowing   18   280.00 350.00